000 00622nam a2200181Ia 4500
008 090630s9999 xx 000 0 und d
082 _b17289
100 _aवाळिंबे शरच्चंद्र.
245 _aपडसाद.
_cवाळिंबे शरच्चंद्र.
260 _bचंद्रमौळी - पुणे.
300 _a0
600 _aवाळिंबे शरच्चंद्र.
630 _aपडसाद.
655 _aकादंबरी.
700 _aवाळिंबे शरच्चंद्र.
730 _aपडसाद.
942 _cBOOK
999 _c269145
_d269145